000
00318nam a2200133Ia 4500
008
240624s9999 xx 000 0 und d
041
_a
eng
082
_a
823 LAR
100
_a
LARSSON STIEG
245
_a
GIRL WITH THE DRAGON TATTOO
260
_c
2008
_a
New Delhi
_b
Quercus
300
_a
554 p.; 17 cm.
365
_c
RS
999
_c
30816
_d
30816